[Event "AUTO-INT-2005"]
[Site "http://www.queenalice.com/game.php?id=925042"]
[Date "2011.4.12"]
[Round "1"]
[White "BRANDAO"]
[Black "chessweed69"]
[Result "1-0"]
[WhiteElo "1714"]
[BlackElo "1636"]

1. d4 Nf6 2. c4 c5 3. d5 e5 4. Nc3 d6 5. e4 Qa5 6. Qb3 Na6 7. Bd2 Nb4 8. a3 Bd7
9. Rc1 Be7 10. axb4 cxb4 11. Na2 Ba4 12. Qe3 Ng4 13. Qg3 h5 14. Nxb4 Bg5 15. Qc3
1-0

[Event "AUTO-INT-2005"]
[Site "http://www.queenalice.com/game.php?id=925043"]
[Date "2011.4.12"]
[Round "1"]
[White "chessweed69"]
[Black "BRANDAO"]
[Result "0-1"]
[WhiteElo "1623"]
[BlackElo "1727"]

1. e4 c5 2. Bc4 e6 3. d4 cxd4 4. Qxd4 Nc6 5. Qe3 a6 6. e5 Qa5+ 7. c3 Qxe5 8. Nf3
Qxe3+ 9. Bxe3 b5 10. Bb3 Nf6 11. Nbd2 Bb7 12. O-O-O d5 13. Nd4 Bd6 14. Nxc6 Bxc6
15. f4 O-O 0-1

[Event "Let's Play Chess!"]
[Site "http://www.queenalice.com/game.php?id=925477"]
[Date "2011.4.13"]
[Round "-"]
[White "chessweed69"]
[Black "adelio"]
[Result "1-0"]
[WhiteElo "1626"]
[BlackElo "1695"]

1. e4 g6 2. d4 b6 3. e5 d5 4. c4 c6 5. Qf3 e6 6. Nh3 h6 7. g4 g5 8. Bd3 a6 9.
Bf5 exf5 10. gxf5 Ra7 11. Qh5 Bxf5 12. Bxg5 Qd7 13. Nf4 Rh7 14. O-O dxc4 15. Re1
Qxd4 16. e6 Bg6 17. exf7+ Kxf7 18. Qxg6# 1-0

[Event "Challenge"]
[Site "http://www.queenalice.com/game.php?id=926968"]
[Date "2011.4.17"]
[Round "-"]
[White "chessweed69"]
[Black "TinyDemons"]
[Result "0-1"]
[WhiteElo "1584"]
[BlackElo "1871"]

1. e4 e5 2. Nf3 d6 3. h3 Nf6 4. d4 Nxe4 5. d5 Bf5 6. Bd3 g6 7. c3 Bg7 8. Qb3 Nc5
9. Bb5+ Nbd7 10. Bxd7+ Qxd7 11. Qc4 O-O 12. g4 Nd3+ 13. Ke2 Nf4+ 14. Bxf4 exf4
15. gxf5 Qxf5 16. Nbd2 Rfe8+ 17. Kf1 Re7 18. Kg2 Rae8 19. Rae1 Be5 20. Ne4 f6
21. Nh4 Qh5 22. Nf3 Kg7 23. Qe2 Bxc3 24. Nxf6 Bxf6 25. Qd2 Rxe1 26. Rxe1 Rxe1
27. Qxe1 Qxd5 28. h4 Qxa2 29. b4 Qd5 30. Qe2 h6 31. Qe8 Qc6 32. Qe6 d5 33. Qg4
g5 34. h5 Qe8 35. Nh4 Qe4+ 36. Nf3 d4 37. Qd7+ Qe7 38. Qf5 Qf7 39. Ne5 Bxe5 40.
Qxe5+ Kg8 41. Qxd4 Qxh5 42. Qd8+ Kg7 43. Qxc7+ Qf7 44. Qb8 b6 45. Kf3 Kg6 46. b5
Kh5 47. Qe5 Qb7+ 48. Ke2 a6 49. Qa1 Qe4+ 50. Kd2 axb5 51. Qg1 b4 52. Qh2+ Kg6
53. Qh3 f3 54. Qg3 Qf4+ 0-1

[Event "Challenge"]
[Site "http://www.queenalice.com/game.php?id=926969"]
[Date "2011.4.17"]
[Round "-"]
[White "TinyDemons"]
[Black "chessweed69"]
[Result "1-0"]
[WhiteElo "1864"]
[BlackElo "1645"]

1. e4 Nc6 2. Nf3 e5 3. d4 d5 4. Bb5 Qf6 5. exd5 a6 6. dxe5 Qg6 7. Bxc6+ bxc6 8.
O-O Bf5 9. Nh4 Qg4 10. Qxg4 Bxg4 11. Nc3 cxd5 12. Nxd5 Ra7 13. Bf4 c6 14. Ne3
Be6 15. Rfd1 Be7 16. Nhf5 Bxf5 17. Nxf5 g6 18. Nd6+ Bxd6 19. exd6 Kd7 20. c4 c5
21. Rd5 Kc6 22. Be5 f6 23. Bg3 f5 24. Be5 Ne7 25. dxe7 Rxe7 26. Bxh8 1-0

[Event "AUTO-INT-2009"]
[Site "http://www.queenalice.com/game.php?id=927014"]
[Date "2011.4.17"]
[Round "1"]
[White "zemaria"]
[Black "chessweed69"]
[Result "1-0"]
[WhiteElo "1852"]
[BlackElo "1506"]

1. e4 Nc6 2. Nf3 e5 3. d4 d5 4. Nxe5 Nxe5 5. dxe5 d4 6. b3 c6 7. Bb2 Qa5+ 8. Nd2
Bb4 9. Bxd4 c5 10. Bb2 Bc3 11. Bxc3 Qxc3 12. f4 Nh6 13. h3 Qe3+ 14. Qe2 Qxf4 15.
O-O-O Qxe5 16. Qb5+ Ke7 17. Nf3 Qa1+ 18. Kd2 Rd8+ 19. Bd3 Qxa2 20. Qxc5+ Rd6 21.
e5 Nf5 22. exd6+ Nxd6 23. Nd4 Qb2 24. Nb5 Qf6 25. Rhe1+ Kf8 26. Nxd6 Qf4+ 27.
Re3 Qf2+ 28. Be2 b6 29. Qc6 1-0

[Event "AUTO-INT-2009"]
[Site "http://www.queenalice.com/game.php?id=927015"]
[Date "2011.4.17"]
[Round "1"]
[White "chessweed69"]
[Black "zemaria"]
[Result "0-1"]
[WhiteElo "1508"]
[BlackElo "1850"]

1. e4 e5 2. Nf3 d6 3. d4 exd4 4. Qxd4 Nc6 5. Bb5 Bd7 6. Qa4 f6 7. Nd4 Nxd4 8.
Bxd7+ Qxd7 9. Qxd4 Ne7 10. Bf4 Nc6 11. Qd2 Be7 12. Nc3 Ne5 13. Bxe5 fxe5 14. Nd5
c6 15. Nxe7 Qxe7 16. c4 O-O 17. O-O a6 18. a4 Rad8 19. f4 Qh4 20. Qf2 Qe7 21. f5
Qc7 22. g4 Qa5 23. g5 Qb4 24. h4 Qxc4 25. Qf3 Qd4+ 26. Rf2 Rc8 27. f6 Qc4 28. h5
g6 29. Kg2 Qf7 0-1

[Event "AUTO-INT-2009"]
[Site "http://www.queenalice.com/game.php?id=927030"]
[Date "2011.4.17"]
[Round "1"]
[White "Mars"]
[Black "chessweed69"]
[Result "1-0"]
[WhiteElo "1558"]
[BlackElo "1656"]

1. d4 Nf6 2. Nc3 d5 3. g3 Nc6 4. Bg2 Bf5 5. Nf3 e6 6. O-O Ne4 7. Nxe4 Bxe4 8. e3
Nb4 9. Ne5 Nxc2 10. Qh5 Qf6 11. Bxe4 dxe4 12. Rb1 g6 13. Qg4 h5 14. Qe2 Nxd4 15.
exd4 Qf5 16. Qc4 c6 17. Nxc6 g5 18. Ne5 Bd6 19. Qb5+ Ke7 20. Qd7+ Kf8 21. Qxd6+
Kg7 22. b3 h4 23. Be3 hxg3 24. fxg3 Qh3 25. Rxf7+ Kg8 26. Rg7+ Kxg7 27. Qe7+ Kh6
28. Qxg5+ Kh7 29. Qg6# 1-0

[Event "AUTO-INT-2009"]
[Site "http://www.queenalice.com/game.php?id=927031"]
[Date "2011.4.17"]
[Round "1"]
[White "chessweed69"]
[Black "Mars"]
[Result "1-0"]
[WhiteElo "1559"]
[BlackElo "1628"]

1. e4 d5 2. exd5 Qxd5 3. Nc3 Qe5+ 4. Qe2 Qxe2+ 5. Bxe2 e6 6. a3 Bd7 7. Nf3 Bd6
8. d4 Nf6 9. Be3 O-O 10. h3 a6 11. O-O-O Bc6 12. Bg5 Ne4 13. Nxe4 Bxe4 14. Rhe1
Nc6 15. c4 b5 16. c5 Be7 17. Bxe7 Nxe7 18. g3 Nc6 19. Ng5 Bg6 20. Bf3 Rad8 21.
Bxc6 h6 22. Nf3 f6 23. Rxe6 Bf5 24. Re7 Rc8 25. d5 g5 26. d6 cxd6 27. Bd5+ Kh8
28. g4 Bg6 29. b4 dxc5 30. Bb7 cxb4+ 31. Bxc8 Rxc8+ 32. Kb2 bxa3+ 33. Kxa3 a5
34. Rd5 Rc3+ 35. Kb2 Rc2+ 36. Kb3 Rc8 37. Rxb5 Bc2+ 38. Kb2 a4 39. Nd4 Bd3 40.
Rbb7 Ra8 41. Ka3 Bf1 42. Rh7+ Kg8 43. Rxh6 Bg2 44. Rbh7 Re8 45. Nf5 Kf8 46.
Rxf6+ Kg8 47. Rg7+ 1-0

[Event "AUTO-INT-2009"]
[Site "http://www.queenalice.com/game.php?id=927040"]
[Date "2011.4.17"]
[Round "1"]
[White "Gianuzio"]
[Black "chessweed69"]
[Result "1-0"]
[WhiteElo "1882"]
[BlackElo "1538"]

1. e4 Nc6 2. d4 d5 3. e5 e6 4. Nf3 Be7 5. Bb5 Bd7 6. Nc3 Bb4 7. O-O Bxc3 8. bxc3
a6 9. Bxc6 Bxc6 10. Ba3 f6 11. Re1 Nh6 12. exf6 Qxf6 13. Ne5 Bb5 14. Qh5+ Kd8
15. Re3 Be8 16. Qh3 Nf5 17. Rae1 Nxe3 18. Rxe3 g5 19. Nd3 b6 20. Rxe6 g4 21.
Qxg4 Bd7 22. Rxf6 Bxg4 23. Ne5 Re8 24. f3 Bh5 25. Rh6 Bg6 26. Nxg6 hxg6 27. Rxg6
Kd7 28. h4 Re2 29. h5 Rxc2 30. Rg7+ Kc6 31. h6 Rxc3 32. h7 Rh8 33. Be7 Re3 34.
Bf6 Kb5 35. Rxc7 Ree8 36. Bxh8 Rxh8 37. g4 Ka5 38. g5 b5 39. g6 1-0

[Event "AUTO-INT-2009"]
[Site "http://www.queenalice.com/game.php?id=927041"]
[Date "2011.4.17"]
[Round "1"]
[White "chessweed69"]
[Black "Gianuzio"]
[Result "0-1"]
[WhiteElo "1540"]
[BlackElo "1880"]

1. e4 e5 2. Nf3 Nc6 3. d4 exd4 4. Nxd4 Bc5 5. Nxc6 bxc6 6. Bc4 d6 7. Qf3 Qf6 8.
Bf4 Be6 9. Bxe6 fxe6 10. c3 e5 11. Bg3 Qxf3 12. gxf3 Ne7 13. f4 exf4 14. Bxf4
Ng6 15. Bg3 O-O 16. Rf1 h5 17. Nd2 Nf4 18. Bxf4 Rxf4 19. f3 Raf8 20. h4 Be3 21.
Rd1 Rxh4 22. Ke2 Bxd2 23. Kxd2 g6 24. c4 c5 25. Rg1 Rxf3 26. Rxg6+ Kf7 27. Rdg1
Rh2+ 28. Kc1 h4 29. Rg7+ Ke6 30. Rxc7 Rg3 31. Rd1 Re2 32. Rh7 h3 33. Rh1 Rxe4
34. b3 Re2 35. R7xh3 Rxh3 36. Rxh3 Rxa2 37. Kb1 Rg2 38. Rh7 Ke5 39. Rxa7 Kd4 40.
Ra2 Rg1+ 0-1

[Event "Challenge"]
[Site "http://www.queenalice.com/game.php?id=943603"]
[Date "2011.5.28"]
[Round "-"]
[White "cyrano"]
[Black "chessweed69"]
[Result "1-0"]
[WhiteElo "1692"]
[BlackElo "1578"]

1. e4 Nc6 2. d4 e6 3. c4 d5 4. Nc3 Bb4 5. a3 Bxc3+ 6. bxc3 dxe4 7. d5 Ne5 8. f4
Ng6 9. Qd4 Qf6 10. g3 e5 11. fxe5 Nxe5 12. Qxe4 Ne7 13. Bf4 Ng4 14. Ne2 g5 15.
h3 gxf4 16. hxg4 h5 17. Rd1 Bxg4 18. d6 cxd6 19. Qxb7 O-O 20. gxf4 Nf5 21. Qe4
Ng3 22. Nxg3 Rae8 23. Rd2 Rxe4+ 24. Nxe4 Qxf4 25. Nf2 Re8+ 26. Be2 Qxc4 27. Nxg4
hxg4 28. Kd1 Qxc3 29. Bxg4 Qa1+ 30. Kc2 Qxh1 31. a4 Qe4+ 32. Rd3 Qxg4 33. Ra3
1-0

[Event "Let's Play Chess!"]
[Site "http://www.queenalice.com/game.php?id=947463"]
[Date "2011.6.8"]
[Round "-"]
[White "chessweed69"]
[Black "spawnwolfwolverine"]
[Result "0-1"]
[WhiteElo "1598"]
[BlackElo "1655"]

1. e4 e5 2. Nf3 d6 3. d4 exd4 4. Qxd4 Bd7 5. Nc3 Nc6 6. Qe3 Nf6 7. Bc4 Be7 8. h3
O-O 9. e5 Nxe5 10. Nxe5 dxe5 11. Ne4 Nxe4 12. Qxe4 Bf6 13. h4 Bc6 0-1

[Event "AUTO-INT-2057"]
[Site "http://www.queenalice.com/game.php?id=947765"]
[Date "2011.6.9"]
[Round "1"]
[White "chessweed69"]
[Black "andydede"]
[Result "0-1"]
[WhiteElo "1567"]
[BlackElo "1616"]

1. e4 e5 2. Nf3 Nc6 3. d4 exd4 4. Nxd4 Nxd4 5. Qxd4 b6 6. a3 Bb7 7. Bc4 d5 8.
exd5 Qe7+ 9. Be3 Nh6 10. Qf4 Qf6 11. Qxc7 Bd6 12. Qxb7 O-O 13. Nc3 Be5 14. Bd2
Bd4 15. O-O Ng4 16. Ne4 Qf5 17. Be1 Qe5 18. Ng3 Bxb2 0-1

[Event "AUTO-INT-2057"]
[Site "http://www.queenalice.com/game.php?id=947766"]
[Date "2011.6.9"]
[Round "1"]
[White "andydede"]
[Black "chessweed69"]
[Result "1-0"]
[WhiteElo "1630"]
[BlackElo "1553"]

1. e4 Nc6 2. c3 d5 3. exd5 Qxd5 4. c4 Qd4 5. Nf3 Qe4+ 6. Be2 Qg6 7. d3 e5 8. O-O
Bh3 9. Ng5 h6 10. Bh5 Bg4 11. Qxg4 Nf6 12. Bxg6 Nxg4 13. Nxf7 Ne7 14. Nxh8+ Nxg6
15. Nxg6 Bc5 16. h3 Nf6 17. Nxe5 O-O-O 18. Bd2 1-0

[Event "AUTO-INT-2057"]
[Site "http://www.queenalice.com/game.php?id=947767"]
[Date "2011.6.9"]
[Round "1"]
[White "chessweed69"]
[Black "pablin"]
[Result "0-1"]
[WhiteElo "1611"]
[BlackElo "1680"]

1. e4 c5 2. e5 Nc6 3. Nf3 d6 4. exd6 exd6 5. d4 cxd4 6. Nxd4 Nf6 7. Bb5 Bd7 8.
Qf3 Nxd4 9. Bxd7+ Qxd7 10. Qd3 Qg4 11. Qe3+ Be7 12. O-O Nxc2 13. Qb3 Nxa1 14.
Qxb7 Rc8 15. Re1 O-O 16. Nc3 Nc2 17. Re2 Nd4 18. Re4 Nxe4 19. Qxe4 Qxe4 20. Nxe4
Rxc1# 0-1

[Event "AUTO-INT-2057"]
[Site "http://www.queenalice.com/game.php?id=947768"]
[Date "2011.6.9"]
[Round "1"]
[White "pablin"]
[Black "chessweed69"]
[Result "1-0"]
[WhiteElo "1763"]
[BlackElo "1536"]

1. d4 Nf6 2. c4 e6 3. Nc3 d5 4. Nf3 Bb4 5. e3 Ne4 6. Bd2 Nxd2 7. Qxd2 Bd7 8. a3
Bxc3 9. bxc3 Nc6 10. cxd5 exd5 11. Ne5 Nxe5 12. dxe5 c6 13. Be2 Qg5 14. O-O Qxe5
15. Rab1 b5 16. Rfe1 O-O-O 17. Ra1 c5 18. Rab1 c4 19. Bf3 Bc6 20. a4 a6 21. axb5
axb5 22. Qa2 Qxc3 23. Qa6+ Kd7 24. Qa7+ Ke6 25. Bg4+ Kf6 26. Qc5 Bd7 27. Qd6+
Be6 28. Qf4+ Ke7 29. Bxe6 fxe6 30. Rec1 Qd2 31. Qg5+ Kf7 32. Qh5+ Ke7 33. Rd1
Qc2 34. Re1 Rb8 35. Ra1 1-0

[Event "AUTO-INT-2057"]
[Site "http://www.queenalice.com/game.php?id=947769"]
[Date "2011.6.9"]
[Round "1"]
[White "chessweed69"]
[Black "MONTENEGRO"]
[Result "0-1"]
[WhiteElo "1518"]
[BlackElo "1665"]

1. e4 c5 2. c4 Nc6 3. Nc3 e5 4. Qa4 Nf6 5. d3 Nd4 6. Nd5 Nxd5 7. cxd5 b5 8. Qd1
Be7 9. Nf3 O-O 10. Nxe5 Bf6 0-1